00760nam a2200277Ia 4500008004100000040001200041082001600053082001500069100002700084245004800111260001300159260003000172260000900202300001000211300000600221300001400227530001400241530001700255563001000272600002700282630004800309650002900357650002100386700002700407730004800434160321s9999||||xx |||||||||||||| ||und|| cEnglish aXI.B Sastri bBORI-54409 aV. S. Srinivasa Sastri 4aThe Rights and Duties of The Indian Citizen aCalcutta bCalcutta University Press c1922 ax+116 cB ePaperbook bS.A. Kher u00047684.pdf aStudy aV. S. Srinivasa Sastri aThe Rights and Duties of The Indian Citizen a"Social History,Culture" aGeneral Indology aV. S. Srinivasa Sastri aThe Rights and Duties of The Indian Citizen